Подробности
| 000 -МАРКЕР |
| контрольное поле |
03021nam0a22005531 4500 |
| 001 - ИДЕНТИФИКАТОР ЗАПИСИ |
| контрольное поле |
RU\NLR\A1DV\32793 |
| 005 - ИДЕНТИФИКАТОР ВЕРСИИ |
| контрольное поле |
20260406154220.0 |
| 035 ## - ДРУГИЕ СИСТЕМНЫЕ НОМЕРА |
| Идентификатор записи |
(NLR Aleph) 010777792 |
| 100 ## - ДАННЫЕ ОБЩЕЙ ОБРАБОТКИ |
| Данные общей обработки |
20061113d1811 m y0rusy50 ca |
| 101 1# - ЯЗЫК РЕСУРСА |
| Язык текста, звукозаписи и т.д. |
русский |
| Язык оригинала |
немецкий |
| 102 ## - СТРАНА ПУБЛИКАЦИИ ИЛИ ПРОИЗВОДСТВА |
| Страна публикации |
российская федерация |
| 135 ## - ПОЛЕ КОДИРОВАННЫХ ДАННЫХ: ЭЛЕКТРОННЫЕ РЕСУРСЫ |
| Кодированные данные для электронного ресурса |
crcn 024anaba |
| 140 ## - ПОЛЕ КОДИРОВАННЫХ ДАННЫХ: СТАРОПЕЧАТНЫЕ ИЗДАНИЯ - ОБЩАЯ ИНФОРМАЦИЯ |
| Кодированные данные о старопечатном издании - Основные |
y y cayaa0000 |
| 200 1# - ЗАГЛАВИЕ И СВЕДЕНИЯ ОБ ОТВЕТСТВЕННОСТИ |
| Основное заглавие |
Сотворение мира. |
| Первые сведения об ответственности |
Оратория положенная на музыку г. Гайденом |
| Последующие сведения об ответственности |
Играна в пользу музыкантских вдов, в Филармоническом обществе |
| 210 ## - ПУБЛИКАЦИЯ, РАСПРОСТРАНЕНИЕ И ДР. |
| Место издания, распространения и т.д. |
В Санктпетербурге |
| Имя издателя, распространителя и т. д. |
печатано в типографии Ф.Дрехслера |
| Дата издания, распространения и т.д. |
1811 |
| 215 ## - ФИЗИЧЕСКАЯ ХАРАКТЕРИСТИКА |
| Специфическое обозначение материала и объем |
23, [1] с. |
| Размеры |
12° |
| 300 ## - ОБЩИЕ ПРИМЕЧАНИЯ |
| Текст примечания |
Ценз.: Г.М.Яценков, 6 дек. 1811 г. |
| 305 ## - ПРИМЕЧАНИЯ О ДАТЕ ОСНОВАНИЯ ИЗДАНИЯ |
| Текст примечания |
Текст оратории заимствован Свитеном из поэмы Дж. Мильтона "Потерянный рай" |
| 316 ## - ПРИМЕЧАНИЯ ОБ ОСОБЕННОСТЯХ ЭКЗЕМПЛЯРА |
| Текст примечания |
Экз. РНБ (18.167.2.165) в зеленой бумажной обл. На 1-й с. обл. ярлык с шифром РНБ. На 2-й с. обл. пустой ярлык. Размер: 15,3х9,3х0,3 см |
| Организация и экземпляр, к которому относится поле |
NLR: 18.167.2.165 |
| 321 1# - ПРИМЕЧАНИЯ ОБ ОТДЕЛЬНО ИЗДАННЫХ УКАЗАТЕЛЯХ / РЕФЕРАТАХ / ССЫЛКАХ, ОТРАЖАЮЩИХ КАТАЛОГИЗИРУЕМЫЙ ДОКУМЕНТ |
| Примечания об указателях, рефератах, ссылках |
Grove G. Dictionary of music and musicians. London, 1906. Vol.2. P.361 |
| 325 ## - ПРИМЕЧАНИЕ О КОПИИ |
| Текст примечания |
Копия доступна в Электрон. б-ке РНБ |
| 620 ## - МЕСТО И ДАТА ПУБЛИКАЦИИ, ИСПОЛНЕНИЯ И Т. Д. |
| Город |
Санкт-Петербург |
| 700 #1 - ИМЯ ЛИЦА - ПЕРВИЧНАЯ ОТВЕТСТВЕННОСТЬ |
| Связь между полями |
z01790 |
| Начальный элемент ввода |
Свитен |
| Часть имени, кроме начального элемента ввода |
Г. ван |
| Даты |
1734-1803 |
| Расширение инициалов личного имени |
Готфрид ван |
| Код отношения |
Автор |
| 702 #1 - ИМЯ ЛИЦА - ВТОРИЧНАЯ ОТВЕТСТВЕННОСТЬ |
| Код отношения |
Цензор |
| Графика поля |
Кириллица |
| Материалы, к которым относится поле |
rus |
| Начальный элемент ввода |
Яценков |
| Часть имени, кроме начального элемента ввода |
Н. М. |
| Даты |
18 в. |
| Расширение инициалов личного имени |
Николай Максимович |
| Системный номер авторитетной/нормативной записи |
211401 |
| Идентификатор авторитетной/нормативной записи |
RU\NLR\AUTH\770211457 |
| 702 #1 - ИМЯ ЛИЦА - ВТОРИЧНАЯ ОТВЕТСТВЕННОСТЬ |
| Код отношения |
Библиографический предшественник |
| Материалы, к которым относится поле |
rus |
| Графика поля |
Кириллица |
| Начальный элемент ввода |
Мильтон |
| Часть имени, кроме начального элемента ввода |
Д. |
| Даты |
1608-1674 |
| Расширение инициалов личного имени |
Джон |
| Идентификатор авторитетной/нормативной записи |
RU\NLR\AUTH\776855 |
| Системный номер авторитетной/нормативной записи |
116802 |
| 702 #1 - ИМЯ ЛИЦА - ВТОРИЧНАЯ ОТВЕТСТВЕННОСТЬ |
| Начальный элемент ввода |
Дрехслер |
| Часть имени, кроме начального элемента ввода |
Ф. |
| Расширение инициалов личного имени |
Федор |
| Код отношения |
Печатник (типограф) |
| 702 #1 - ИМЯ ЛИЦА - ВТОРИЧНАЯ ОТВЕТСТВЕННОСТЬ |
| Код отношения |
Композитор |
| Материалы, к которым относится поле |
rus |
| Графика поля |
Кириллица |
| Начальный элемент ввода |
Гайдн |
| Часть имени, кроме начального элемента ввода |
Й. |
| Даты |
1732-1809 |
| Расширение инициалов личного имени |
Йозеф |
| Идентификатор авторитетной/нормативной записи |
RU\NLR\AUTH\7710987 |
| Системный номер авторитетной/нормативной записи |
120746 |
| 712 00 - НАИМЕНОВАНИЕ ОРГАНИЗАЦИИ - ВТОРИЧНАЯ ОТВЕТСТВЕННОСТЬ |
| Код отношения |
Печатник (типограф) |
| Начальный элемент ввода |
Дрехслер, |
| Идентифицирующий признак |
Петербург |
| Инверсированный элемент |
Ф., |
| Часть наименования, отличная от начального элемента ввода и от инверсированного элемента |
типография |
| Системный номер авторитетной/нормативной записи |
711214 |
| Идентификатор авторитетной/нормативной записи |
RU\NLR\AUTH\880524866 |
| 790 #1 - ИМЯ ЛИЦА - АЛЬТЕРНАТИВНАЯ ФОРМА |
| Связь между полями |
z01700 |
| Начальный элемент ввода |
Swieten |
| Часть имени, кроме начального элемента ввода |
G. van |
| Расширение инициалов личного имени |
Gottfried van |
| Графика поля |
Латинская |
| 790 #1 - ИМЯ ЛИЦА - АЛЬТЕРНАТИВНАЯ ФОРМА |
| Связь между полями |
z04702 |
| Начальный элемент ввода |
Гайден |
| 801 #0 - ИСТОЧНИК ЗАПИСИ |
| Страна |
российская федерация |
| Организация |
NLR |
| Дата составления |
20061113 |
| 852 ## - МЕСТОНАХОЖДЕНИЕ И ШИФР ХРАНЕНИЯ |
| Идентификатор организации |
NLR |
| Шифр хранения (Call Number) |
18.167.2.165 |
| 856 #0 - МЕСТОНАХОЖДЕНИЕ ЭЛЕКТРОННЫХ РЕСУРОВ И ДОСТУП К НИМ |
| Универсальный идентификатор ресурса (Uniform Resource Identifier) |
https://vivaldi.nlr.ru/bx000026377/view |
| 856 #1 - МЕСТОНАХОЖДЕНИЕ ЭЛЕКТРОННЫХ РЕСУРОВ И ДОСТУП К НИМ |
| Универсальный идентификатор ресурса (Uniform Resource Identifier) |
https://vivaldi.nlr.ru/bx000026377/cover |
| 856 #2 - МЕСТОНАХОЖДЕНИЕ ЭЛЕКТРОННЫХ РЕСУРОВ И ДОСТУП К НИМ |
| Универсальный идентификатор ресурса (Uniform Resource Identifier) |
https://vivaldi.nlr.ru/bx000026377/text |
| 942 ## - ДОПОЛНИТЕЛЬНЫЕ ЭЛЕМЕНТЫ ЗАПИСИ (АБИС) |
| Тип экземпляра АБИС |
Книга |
| 980 ## - КОЛЛЕКЦИЯ |
| Название коллекции |
Национальная библиография |
| 980 3# - КОЛЛЕКЦИЯ |
| Название коллекции |
КП2021 Первая четверть 19 в. |
| 980 3# - КОЛЛЕКЦИЯ |
| Название коллекции |
КП2021 Книжные памятники 2021 г. |
| 980 3# - КОЛЛЕКЦИЯ |
| Название коллекции |
Книжные памятники РНБ |
| 980 ## - КОЛЛЕКЦИЯ |
| Название коллекции |
19 век (1-я четв.) |
| 981 33 - КОЛЛЕКЦИЯ ЭЛЕКТРОННОЙ БИБЛИОТЕКИ |
| Название коллекции |
Художественная литература |
| Название подколлекции |
Зарубежная литература |
| 981 20 - КОЛЛЕКЦИЯ ЭЛЕКТРОННОЙ БИБЛИОТЕКИ |
| Название коллекции |
Книжные памятники РНБ |
| Название подколлекции |
Русский книжный фонд |